THE INTERIOR DESIGN COURSE (Record no. 33209)

MARC details
000 -LEADER
fixed length control field 00295nam a22001337a 4500
003 - CONTROL NUMBER IDENTIFIER
control field SGT
020 ## - INTERNATIONAL STANDARD BOOK NUMBER
International Standard Book Number 978-0-500-29447-5
082 ## - DEWEY DECIMAL CLASSIFICATION NUMBER
Classification number 747
Item number TAN
100 ## - MAIN ENTRY--PERSONAL NAME
Personal name TANGAZ, TOMINS
245 ## - TITLE STATEMENT
Title THE INTERIOR DESIGN COURSE
260 ## - PUBLICATION, DISTRIBUTION, ETC. (IMPRINT)
Place of publication, distribution, etc UK.
Name of publisher, distributor, etc THAMES & HUDSON
Year of Publication 2022
300 ## - PAGE DESCRIPTION
No. of Pages 144
942 ## - ADDED ENTRY ELEMENTS (KOHA)
Source of classification or shelving scheme Dewey Decimal Classification
Koha item type Books
Holdings
Withdrawn status Lost status Source of classification or shelving scheme Damaged status Not for loan Home library Current library Date acquired Vendor Name Cost, normal purchase price SGTU Bill Number Total Checkouts Full call number Accession No. (Barcode) Date last seen Bill Date Koha item type
    Dewey Decimal Classification   Not For Loan SGT Science & Social Sciences Library SGT Science & Social Sciences Library 18/11/2025 BRIJWASI 16.99 SGTU BW/000232   747 TAN FF861 18/11/2025 06/10/2025 Books